ARRUPE JESUIT UNIVERSITY

CORONAVIRUS -STOP THE SPREAD - CLEAN,DISINFECT,COVER

Biology of soil science (Record no. 117756)

MARC details
000 -LEADER
fixed length control field 01129cam a2200337 a 4500
001 - CONTROL NUMBER
control field 8742344
003 - CONTROL NUMBER IDENTIFIER
control field ARRUPE
005 - DATE AND TIME OF LATEST TRANSACTION
control field 20130425143805.0
006 - FIXED-LENGTH DATA ELEMENTS--ADDITIONAL MATERIAL CHARACTERISTICS--GENERAL INFORMATION
fixed length control field m u
007 - PHYSICAL DESCRIPTION FIXED FIELD--GENERAL INFORMATION
fixed length control field cr cn|||||||||
008 - FIXED-LENGTH DATA ELEMENTS--GENERAL INFORMATION
fixed length control field 101215s2009 ii a s 001 0 eng d
020 ## - INTERNATIONAL STANDARD BOOK NUMBER
Cancelled/invalid ISBN 9788189473969
035 ## - SYSTEM CONTROL NUMBER
System control number (CaPaEBR)ebr10417446
035 ## - SYSTEM CONTROL NUMBER
System control number (NNC)8742344
040 ## - CATALOGING SOURCE
Original cataloging agency CaPaEBR
Transcribing agency CaPaEBR
050 14 - LIBRARY OF CONGRESS CALL NUMBER
Classification number S591
Item number .J46 2009eb
300 ## - PHYSICAL DESCRIPTION
Other physical details ill.
100 1# - MAIN ENTRY--PERSONAL NAME
Personal name Jhonson, Charlotte.
9 (RLIN) 21
245 10 - TITLE STATEMENT
Title Biology of soil science
Medium [electronic resource] /
Statement of responsibility, etc Charlotte Jhonson.
250 ## - EDITION STATEMENT
Edition statement 1st ed.
260 ## - PUBLICATION, DISTRIBUTION, ETC. (IMPRINT)
Place of publication, distribution, etc Jaipur, India :
Name of publisher, distributor, etc Oxford Book Co.,
Date of publication, distribution, etc 2009.
300 ## - PHYSICAL DESCRIPTION
Extent 301 p. :
500 ## - GENERAL NOTE
General note Includes index.
533 ## - REPRODUCTION NOTE
Type of reproduction Electronic reproduction.
Place of reproduction Palo Alto, Calif. :
Agency responsible for reproduction ebrary,
Date of reproduction 2011.
Note about reproduction Available via World Wide Web.
-- Access may be limited to ebrary affiliated libraries.
650 #0 - SUBJECT ADDED ENTRY--TOPICAL TERM
Topical term or geographic name as entry element Soil science.
9 (RLIN) 22
650 #0 - SUBJECT ADDED ENTRY--TOPICAL TERM
Topical term or geographic name as entry element Soil biology.
9 (RLIN) 23
655 #7 - INDEX TERM--GENRE/FORM
Genre/form data or focus term Electronic books.
Source of term local
9 (RLIN) 24
710 2# - ADDED ENTRY--CORPORATE NAME
Corporate name or jurisdiction name as entry element ebrary, Inc.
9 (RLIN) 25
856 40 - ELECTRONIC LOCATION AND ACCESS
Uniform Resource Identifier <a href="http://www.columbia.edu/cgi-bin/cul/resolve?clio8742344">http://www.columbia.edu/cgi-bin/cul/resolve?clio8742344</a>
Public note Click here for full text.
942 ## - ADDED ENTRY ELEMENTS (KOHA)
Source of classification or shelving scheme Library of Congress Classification
Koha item type REFERENCE
Holdings
Withdrawn status Lost status Source of classification or shelving scheme Damaged status Not for loan Home library Current library Date acquired Total Checkouts Full call number Barcode Date last seen Price effective from Koha item type
    Library of Congress Classification     ARRUPE LIBRARY ARRUPE LIBRARY 25/04/2013   S591 .J46 2009eb 20204 25/04/2013 25/04/2013 REFERENCE

 

Arrupe Library. PO Box MP320 Mt Pleasant, Harare, Zimbabwe
263 242 745411|librarian@aju.ac.zw